<?xml version="1.0" encoding="UTF-8"?>
<record
    xmlns:xsi="http://www.w3.org/2001/XMLSchema-instance"
    xsi:schemaLocation="http://www.loc.gov/MARC21/slim http://www.loc.gov/standards/marcxml/schema/MARC21slim.xsd"
    xmlns="http://www.loc.gov/MARC21/slim">

  <leader>02477cam a22003494a 4500</leader>
  <controlfield tag="001">15562141</controlfield>
  <controlfield tag="005">20090603113622.0</controlfield>
  <controlfield tag="008">081217s2010    nyua     b    001 0 eng  </controlfield>
  <datafield tag="020" ind1=" " ind2=" ">
    <subfield code="a">0321594576</subfield>
  </datafield>
  <datafield tag="020" ind1=" " ind2=" ">
    <subfield code="a">9780321594570</subfield>
  </datafield>
  <datafield tag="040" ind1=" " ind2=" ">
    <subfield code="a">DNLM/DLC</subfield>
    <subfield code="c">DLC</subfield>
    <subfield code="d">BTCTA</subfield>
    <subfield code="d">UKM</subfield>
    <subfield code="d">NLM</subfield>
    <subfield code="d">YDXCP</subfield>
    <subfield code="d">C#P</subfield>
    <subfield code="d">BWX</subfield>
    <subfield code="d">DLC</subfield>
  </datafield>
  <datafield tag="082" ind1="0" ind2="0">
    <subfield code="a">338.473621</subfield>
    <subfield code="2">22</subfield>
    <subfield code="b">PHE</subfield>
  </datafield>
  <datafield tag="100" ind1="1" ind2=" ">
    <subfield code="a">Phelps, Charles E.</subfield>
    <subfield code="9">29092</subfield>
  </datafield>
  <datafield tag="245" ind1="1" ind2="0">
    <subfield code="a">Health Economics /</subfield>
    <subfield code="c">Charles E. Phelps.</subfield>
  </datafield>
  <datafield tag="250" ind1=" " ind2=" ">
    <subfield code="a">4th ed.</subfield>
  </datafield>
  <datafield tag="260" ind1=" " ind2=" ">
    <subfield code="a">New York :</subfield>
    <subfield code="b">Addison-Wesley,</subfield>
    <subfield code="c">c2010.</subfield>
  </datafield>
  <datafield tag="300" ind1=" " ind2=" ">
    <subfield code="a">xvi, 640 p. :</subfield>
    <subfield code="b">ill. ;</subfield>
    <subfield code="c">25 cm.</subfield>
  </datafield>
  <datafield tag="490" ind1="1" ind2=" ">
    <subfield code="a">The Addison-Wesley series in economics</subfield>
    <subfield code="9">29093</subfield>
  </datafield>
  <datafield tag="504" ind1=" " ind2=" ">
    <subfield code="a">Includes bibliographical references (p. 595-621) and index.</subfield>
  </datafield>
  <datafield tag="505" ind1="0" ind2=" ">
    <subfield code="a">Why health economics? -- Utility and health -- The transformation of medical care to health -- The demand for medical care : conceptual framework -- Empirical studies of medical care demand and applications -- The physician and the physician firm -- Physicians in the marketplace -- The hospital as a supplier of medical care -- Hospitals in the marketplace -- The demand for health insurance -- Health insurance supply and managed care -- Government provision of health insurance -- Medical malpractice -- Externalities in health and medical care -- Managing the market : regulation and technical change in health care -- Universal insurance issues and international comparisons of health care systems.</subfield>
  </datafield>
  <datafield tag="650" ind1=" " ind2="0">
    <subfield code="a">Medical economics.</subfield>
    <subfield code="9">29094</subfield>
  </datafield>
  <datafield tag="650" ind1=" " ind2="0">
    <subfield code="a">Medical economics</subfield>
    <subfield code="z">United States.</subfield>
    <subfield code="9">29095</subfield>
  </datafield>
  <datafield tag="650" ind1="1" ind2="2">
    <subfield code="a">Economics, Medical</subfield>
    <subfield code="z">United States.</subfield>
    <subfield code="9">29096</subfield>
  </datafield>
  <datafield tag="650" ind1="2" ind2="2">
    <subfield code="a">Delivery of Health Care</subfield>
    <subfield code="x">economics</subfield>
    <subfield code="z">United States.</subfield>
    <subfield code="9">29097</subfield>
  </datafield>
  <datafield tag="650" ind1="2" ind2="2">
    <subfield code="a">Insurance, Health</subfield>
    <subfield code="x">economics</subfield>
    <subfield code="z">United States.</subfield>
    <subfield code="9">29098</subfield>
  </datafield>
  <datafield tag="653" ind1=" " ind2=" ">
    <subfield code="b">NUR</subfield>
    <subfield code="b">Eco</subfield>
    <subfield code="c">February2012</subfield>
  </datafield>
  <datafield tag="942" ind1=" " ind2=" ">
    <subfield code="2">ddc</subfield>
    <subfield code="c">NRB</subfield>
  </datafield>
  <datafield tag="999" ind1=" " ind2=" ">
    <subfield code="c">16514</subfield>
    <subfield code="d">16514</subfield>
  </datafield>
  <datafield tag="952" ind1=" " ind2=" ">
    <subfield code="0">0</subfield>
    <subfield code="1">0</subfield>
    <subfield code="2">ddc</subfield>
    <subfield code="4">0</subfield>
    <subfield code="7">0</subfield>
    <subfield code="8">Baccah</subfield>
    <subfield code="a">MAIN</subfield>
    <subfield code="b">MAIN</subfield>
    <subfield code="c">1ST</subfield>
    <subfield code="d">2012-02-22</subfield>
    <subfield code="e">purchase</subfield>
    <subfield code="g">199.00</subfield>
    <subfield code="h">14300</subfield>
    <subfield code="l">1</subfield>
    <subfield code="o">338.473621 PHE</subfield>
    <subfield code="p">000026196</subfield>
    <subfield code="r">2025-07-15 00:00:00</subfield>
    <subfield code="s">2013-04-28</subfield>
    <subfield code="y">NB</subfield>
  </datafield>
  <datafield tag="952" ind1=" " ind2=" ">
    <subfield code="0">0</subfield>
    <subfield code="1">0</subfield>
    <subfield code="2">ddc</subfield>
    <subfield code="4">0</subfield>
    <subfield code="7">0</subfield>
    <subfield code="8">Baccah</subfield>
    <subfield code="a">MAIN</subfield>
    <subfield code="b">MAIN</subfield>
    <subfield code="c">1ST</subfield>
    <subfield code="d">2012-02-22</subfield>
    <subfield code="e">purchase</subfield>
    <subfield code="g">199.00</subfield>
    <subfield code="h">14300</subfield>
    <subfield code="l">3</subfield>
    <subfield code="m">16</subfield>
    <subfield code="o">338.473621 PHE</subfield>
    <subfield code="p">000026197</subfield>
    <subfield code="r">2025-07-15 00:00:00</subfield>
    <subfield code="s">2014-03-13</subfield>
    <subfield code="y">BB</subfield>
  </datafield>
  <datafield tag="952" ind1=" " ind2=" ">
    <subfield code="0">0</subfield>
    <subfield code="1">0</subfield>
    <subfield code="2">ddc</subfield>
    <subfield code="4">0</subfield>
    <subfield code="7">0</subfield>
    <subfield code="8">Baccah</subfield>
    <subfield code="a">MAIN</subfield>
    <subfield code="b">MAIN</subfield>
    <subfield code="c">1ST</subfield>
    <subfield code="d">2012-02-22</subfield>
    <subfield code="e">purchase</subfield>
    <subfield code="g">199.00</subfield>
    <subfield code="h">14300</subfield>
    <subfield code="l">3</subfield>
    <subfield code="m">31</subfield>
    <subfield code="o">338.473621 PHE</subfield>
    <subfield code="p">000026198</subfield>
    <subfield code="r">2025-07-15 00:00:00</subfield>
    <subfield code="s">2012-07-02</subfield>
    <subfield code="y">BB</subfield>
  </datafield>
</record>
